[Event "OLNW 1718 Hamelner SV - HSK Lister Turm"]
[Site "?"]
[Date "2018.02.04"]
[Round "6.5"]
[White "Voege, Tobias"]
[Black "Schmidt, Dennis"]
[Result "1-0"]
[WhiteElo "2178"]
[BlackElo "2044"]
[PlyCount "113"]
[EventDate "2018.??.??"]

1. c4 c5 2. g3 Nc6 3. Bg2 g6 4. Nf3 Bg7 5. Nc3 d6 6. O-O Bd7 7. Rb1 Qc8 8. Nd5
Nf6 9. Nxf6+ Bxf6 10. d3 Bh3 11. Bh6 Rb8 12. Nd2 Bxg2 13. Kxg2 g5 14. Ne4 Rg8
15. Qd2 Qf5 16. f4 g4 17. a3 d5 18. Nxf6+ exf6 19. cxd5 Qxd5+ 20. e4 Qh5 21. f5
Ne5 22. Bf4 Nf3 23. Rxf3 gxf3+ 24. Kg1 Rd8 25. Rf1 Qg4 26. Qe3 h5 27. Rxf3 Rd4
28. Kg2 Ke7 29. b4 b6 30. bxc5 bxc5 31. Qc1 Rc8 32. Qb2 Ke8 33. Qb7 Rcd8 34.
Qc6+ R8d7 35. h3 Qg7 36. Qc8+ Rd8 37. Qc6+ Kf8 38. e5 Kg8 39. exf6 Qf8 40. Qb5
R4d5 41. Qc4 Rd4 42. Qc1 Kh7 43. Qd1 R8d5 44. Bc1 Qd6 45. Rf4 Qxf6 46. Qxh5+
Kg8 47. Bb2 Kf8 48. Bxd4 Rxd4 49. Rxd4 Qxd4 50. Qe2 Qd5+ 51. Qe4 Qa2+ 52. Kf3
Qb3 53. f6 Qd1+ 54. Kf4 Qf1+ 55. Kg5 Qc1+ 56. Kh5 Qd1+ 57. g4 1-0

[Event "OLNW 1718 Hamelner SV - HSK Lister Turm"]
[Site "?"]
[Date "2018.02.04"]
[Round "6.6"]
[White "David, Adrian"]
[Black "Hoerstmann, Rudi"]
[Result "1-0"]
[WhiteElo "2254"]
[BlackElo "2232"]
[PlyCount "57"]
[EventDate "2018.??.??"]

1. f4 g6 2. Nf3 Bg7 3. c3 c5 4. g3 d5 5. Bg2 Nf6 6. O-O O-O 7. d3 d4 8. e4 dxe3
9. Bxe3 Qc7 10. Kh1 b6 11. Na3 Bb7 12. Qe2 Nc6 13. d4 cxd4 14. Nb5 d3 15. Qxd3
Rad8 16. Qxg6 hxg6 17. Nxc7 Ng4 18. Bg1 e5 19. h3 Nh6 20. fxe5 Nf5 21. Rfe1
Nxg3+ 22. Kh2 Nf5 23. e6 Nce7 24. exf7+ Rxf7 25. Ne6 Bh6 26. Bf2 Rd6 27. Nfg5
Rf6 28. Bxb7 Rd2 29. Ne4 1-0

[Event "OLNW 1718 Hamelner SV - HSK Lister Turm"]
[Site "?"]
[Date "2018.02.04"]
[Round "6.8"]
[White "Kaiser, Gerhard"]
[Black "Polster, Christian"]
[Result "0-1"]
[WhiteElo "2180"]
[BlackElo "2246"]
[PlyCount "54"]
[EventDate "2018.??.??"]

1. e4 g6 2. d4 Bg7 3. Nc3 d6 4. Be3 Nd7 5. Bd3 c5 6. Nf3 cxd4 7. Bxd4 Ngf6 8.
O-O O-O 9. Qe2 Qa5 10. a4 e5 11. Be3 d5 12. exd5 Nxd5 13. Nxd5 Qxd5 14. Bc4 Qc6
15. a5 Qc7 16. Rfd1 e4 17. Nd4 Ne5 18. Bd5 Bg4 19. f3 exf3 20. gxf3 Bh5 21. a6
Rad8 22. Bxb7 Nc4 23. Nc6 Rde8 24. Qxc4 Rxe3 25. Qc5 Re2 26. Rd6 Be5 27. Rd3
Bd4+ 0-1

[Event "OLNW 1718 Delmenhorster SK - SV Lingen"]
[Site "?"]
[Date "2018.02.04"]
[Round "6.1"]
[White "Perunovic, Milos"]
[Black "Korsus, Bernd"]
[Result "1-0"]
[WhiteElo "2599"]
[BlackElo "2324"]
[PlyCount "55"]
[EventDate "2018.??.??"]

1. e4 c5 2. Nf3 Nc6 3. Bb5 e6 4. O-O Nge7 5. Re1 a6 6. Bf1 d5 7. d3 d4 8. e5
Nf5 9. Nbd2 h5 10. g3 b5 11. Ne4 Bb7 12. Bh3 Nh6 13. Bg5 Qb6 14. c3 Ng4 15.
cxd4 cxd4 16. Rc1 Ngxe5 17. Nxe5 Nxe5 18. Bf4 Nc6 19. Ng5 Be7 20. Nxe6 fxe6 21.
Rxe6 Qd8 22. Bg2 O-O 23. Qxh5 Na5 24. Rh6 gxh6 25. Qg6+ Kh8 26. Qxh6+ Kg8 27.
Qg6+ Kh8 28. Rc5 1-0

[Event "OLNW 1718 Delmenhorster SK - SV Lingen"]
[Site "?"]
[Date "2018.02.04"]
[Round "6.2"]
[White "Kuegel, Tobias"]
[Black "Epishin, Vladimir"]
[Result "0-1"]
[WhiteElo "2271"]
[BlackElo "2539"]
[PlyCount "104"]
[EventDate "2018.??.??"]

1. e4 c6 2. d4 d5 3. exd5 cxd5 4. c4 Nf6 5. Nc3 g6 6. Qb3 Bg7 7. cxd5 O-O 8.
Be2 Nbd7 9. Bf3 Nb6 10. Nge2 Bg4 11. Bxg4 Nxg4 12. O-O Qd7 13. h3 Nf6 14. Nf4
Rfd8 15. Re1 Rac8 16. Be3 Nbxd5 17. Ncxd5 Nxd5 18. Nxd5 Qxd5 19. Qa3 Rc7 20.
Rac1 Rxc1 21. Rxc1 e5 22. Bg5 Re8 23. dxe5 Bxe5 24. Be3 Rd8 25. Rf1 a6 26. b3
h5 27. Qe7 Rd7 28. Qe8+ Kh7 29. Re1 Bf6 30. Rc1 Rd8 31. Qa4 Be5 32. Rf1 f6 33.
Qb4 g5 34. Qe7+ Kg6 35. f4 gxf4 36. Bxf4 Qd4+ 37. Kh1 Qd7 38. Qxd7 Rxd7 39.
Bxe5 fxe5 40. Kg1 h4 41. Rf8 Rd2 42. Rb8 Rxa2 43. Rxb7 e4 44. Rb4 Kf5 45. Ra4
Rxa4 46. bxa4 e3 47. Kf1 a5 48. Ke1 Ke4 49. Ke2 Kd4 50. Ke1 Kd3 51. Kd1 e2+ 52.
Ke1 Ke3 0-1

[Event "OLNW 1718 Delmenhorster SK - SV Lingen"]
[Site "?"]
[Date "2018.02.04"]
[Round "6.3"]
[White "Milanovic, Danilo"]
[Black "Hoeffer, David"]
[Result "0-1"]
[WhiteElo "2508"]
[BlackElo "2247"]
[PlyCount "78"]
[EventDate "2018.??.??"]

1. d4 Nf6 2. c4 g6 3. Nc3 Bg7 4. e4 d6 5. Bg5 h6 6. Be3 O-O 7. f3 c5 8. d5 e6
9. Qd2 exd5 10. cxd5 a6 11. a4 Nbd7 12. Nh3 Ne5 13. Nf2 h5 14. Be2 Nh7 15. O-O
f5 16. h3 Nf6 17. Bh6 Nf7 18. Bxg7 Kxg7 19. exf5 Bxf5 20. g4 hxg4 21. hxg4 Bd7
22. Kg2 Qa5 23. Rfd1 Rae8 24. b3 Qb4 25. Qb2 Re3 26. Rd3 Rxd3 27. Nxd3 Qd4 28.
Rd1 Ne5 29. Nxe5 Qxe5 30. Qd2 Re8 31. Bc4 g5 32. Rh1 b5 33. axb5 axb5 34. Bd3
Qe3 35. Rd1 b4 36. Nb5 Nxd5 37. Nxd6 Rh8 38. Bh7 Nf4+ 39. Kg3 Qxd2 0-1

[Event "OLNW 1718 Delmenhorster SK - SV Lingen"]
[Site "?"]
[Date "2018.02.04"]
[Round "6.4"]
[White "Hedke, Fred"]
[Black "Gutman, Lev"]
[Result "0-1"]
[WhiteElo "2276"]
[BlackElo "2406"]
[PlyCount "80"]
[EventDate "2018.??.??"]

1. e4 c5 2. c3 Nf6 3. e5 Nd5 4. d4 cxd4 5. Nf3 g6 6. cxd4 Bg7 7. Nc3 Nxc3 8.
bxc3 O-O 9. Be2 Nc6 10. O-O d6 11. exd6 Qxd6 12. Be3 b6 13. Qd2 Bb7 14. Rfd1
Rac8 15. Rac1 Na5 16. c4 Bxf3 17. gxf3 Rfd8 18. f4 Qa3 19. Qc2 Nc6 20. Qe4 Nxd4
21. Bxd4 Rxd4 22. Rxd4 Bxd4 23. Rd1 Bf6 24. Rd2 Kg7 25. Bf1 Rc5 26. Qe2 Qc1 27.
Qd3 Rf5 28. Qe3 e5 29. Rd5 Qa1 30. Qb3 Qe1 31. Rd1 Qa5 32. Rd5 b5 33. Rxb5 Qe1
34. Qb1 Qd2 35. Bg2 Qxf4 36. Qc2 Bh4 37. Rb2 Qd4 38. Qd2 Bxf2+ 39. Kh1 Qh4 40.
Rb1 Bd4 0-1

[Event "OLNW 1718 Delmenhorster SK - SV Lingen"]
[Site "?"]
[Date "2018.02.04"]
[Round "6.5"]
[White "Milenkovic, Mladen"]
[Black "Margraf, Daniel"]
[Result "1-0"]
[WhiteElo "2325"]
[BlackElo "2210"]
[PlyCount "77"]
[EventDate "2018.??.??"]

1. e4 e5 2. Nc3 Nf6 3. Bc4 c6 4. d4 exd4 5. Qxd4 b5 6. Bb3 b4 7. e5 bxc3 8.
exf6 Qxf6 9. Qxf6 gxf6 10. Ne2 cxb2 11. Bxb2 Bb4+ 12. c3 Be7 13. O-O a5 14. a4
Na6 15. Rfe1 Nc5 16. Bc2 Rb8 17. Bc1 d5 18. Nd4 Bd7 19. Rxe7+ Kxe7 20. Ba3 Kd6
21. Nb3 Rxb3 22. Bxb3 Re8 23. Bc2 h5 24. Kf1 Re5 25. Re1 Rg5 26. f4 Rg4 27. g3
h4 28. Kf2 Rg8 29. gxh4 Rg4 30. Ke3 Rxh4 31. Rf1 Rxh2 32. Rf2 Rh1 33. Kd4 Ra1
34. Bxc5+ Kc7 35. Ke3 Bg4 36. Rg2 f5 37. Rh2 Rf1 38. Rh7 Rf3+ 39. Kd4 1-0

[Event "OLNW 1718 Delmenhorster SK - SV Lingen"]
[Site "?"]
[Date "2018.02.04"]
[Round "6.6"]
[White "Steingraeber, Kai Uwe"]
[Black "Kollen, Zyon"]
[Result "0-1"]
[WhiteElo "2097"]
[BlackElo "2288"]
[PlyCount "68"]
[EventDate "2018.??.??"]

1. d4 e6 2. Nf3 Nf6 3. g3 d5 4. Bg2 Be7 5. O-O O-O 6. c4 dxc4 7. Nbd2 b5 8. Ne5
Nd5 9. a4 c6 10. Ne4 Bb7 11. Nc5 Qc7 12. f4 Na6 13. Nxa6 Bxa6 14. axb5 Bxb5 15.
Qc2 c5 16. dxc5 Qxc5+ 17. Kh1 Rac8 18. Bd2 Bf6 19. Ng4 Bxb2 20. Qxb2 c3 21.
Bxc3 Nxc3 22. Bf3 Na4 23. Qb3 Qc4 24. Qe3 a6 25. Ne5 Qc5 26. Qb3 Qc3 27. Qb1
Nc5 28. Ra2 Na4 29. Ra1 Rfd8 30. Ra2 g6 31. h4 Rd2 32. h5 Rxa2 33. hxg6 Rc2 34.
gxf7+ Kg7 0-1

[Event "OLNW 1718 Delmenhorster SK - SV Lingen"]
[Site "?"]
[Date "2018.02.04"]
[Round "6.7"]
[White "Gazic, Josip"]
[Black "Steffens, Oliver"]
[Result "1-0"]
[WhiteElo "2210"]
[BlackElo "1947"]
[PlyCount "73"]
[EventDate "2018.??.??"]

1. e4 c5 2. Nf3 Nc6 3. Bb5 e6 4. O-O Nge7 5. Re1 a6 6. Bxc6 Nxc6 7. c4 g6 8. d4
cxd4 9. Nxd4 Bg7 10. Nxc6 dxc6 11. Qxd8+ Kxd8 12. e5 f6 13. Nc3 fxe5 14. c5 Kc7
15. Na4 Bd7 16. Bd2 Raf8 17. Rad1 Bc8 18. Bc3 Rf5 19. Nb6 Rhf8 20. Re2 Bf6 21.
Nc4 e4 22. Bxf6 R8xf6 23. Nd6 Rf8 24. Nxf5 exf5 25. f3 Re8 26. fxe4 fxe4 27.
Rd4 Bf5 28. g4 Bxg4 29. Rdxe4 Rxe4 30. Rxe4 h5 31. Re7+ Kb8 32. Rg7 Bf5 33. h4
a5 34. Kf2 Ka7 35. Ke3 Ka6 36. Kd4 b6 37. Rc7 1-0

[Event "OLNW 1718 Delmenhorster SK - SV Lingen"]
[Site "?"]
[Date "2018.02.04"]
[Round "6.8"]
[White "Grebener, Soeren"]
[Black "Milosevic, Aleksandar"]
[Result "0-1"]
[WhiteElo "2020"]
[BlackElo "2251"]
[PlyCount "44"]
[EventDate "2018.??.??"]

1. e4 c5 2. Nf3 d6 3. d4 cxd4 4. Nxd4 Nf6 5. Nc3 a6 6. f4 e5 7. Nf3 Nbd7 8. a4
d5 9. fxe5 Nxe4 10. Qxd5 Nxc3 11. bxc3 Bc5 12. Bc4 O-O 13. a5 Qc7 14. Rf1 b5
15. Qxa8 Bb7 16. Qxf8+ Bxf8 17. Bxf7+ Kxf7 18. e6+ Kxe6 19. Nd4+ Ke7 20. Bg5+
Nf6 21. Kd2 Kf7 22. Rae1 b4 0-1

[Event "OLNW 1718 SV Hellern - SK Nordhorn Blan"]
[Site "?"]
[Date "2018.02.04"]
[Round "6.1"]
[White "Kroeze, Frank M"]
[Black "Lingnau, Carsten"]
[Result "0-1"]
[WhiteElo "2386"]
[BlackElo "2424"]
[PlyCount "92"]
[EventDate "2018.??.??"]

1. e4 e5 2. Nf3 Nc6 3. d4 exd4 4. Nxd4 Nf6 5. Nxc6 bxc6 6. Qe2 Be7 7. e5 Nd5 8.
c4 Nb6 9. Qg4 g6 10. Qg3 d5 11. cxd5 Nxd5 12. Be2 O-O 13. O-O Re8 14. f4 Bf5
15. Na3 Qb8 16. Kh1 Rd8 17. Nc4 a5 18. Bd2 Nb4 19. Bc3 a4 20. Ne3 Bd3 21. Bxd3
Rxd3 22. Rad1 Rxd1 23. Rxd1 Qb5 24. e6 f5 25. Be5 Rf8 26. h4 Nd5 27. h5 g5 28.
Nxd5 cxd5 29. fxg5 Qe2 30. Rxd5 f4 31. Qf3 Qe1+ 32. Kh2 Qh4+ 33. Kg1 Qe1+ 34.
Kh2 Qh4+ 35. Kg1 Qe1+ 36. Qf1 Qe4 37. Qd3 Qe1+ 38. Kh2 Qh4+ 39. Qh3 Qxg5 40.
Qf3 Rf5 41. Qe4 c6 42. Rd3 Rxe5 43. Qxc6 Re3 44. Rxe3 fxe3 45. Qc8+ Kg7 46.
Qc3+ Bf6 0-1

[Event "OLNW 1718 SV Hellern - SK Nordhorn Blan"]
[Site "?"]
[Date "2018.02.04"]
[Round "6.2"]
[White "Ewert, Hannes"]
[Black "Bertholee, Rob"]
[Result "1/2-1/2"]
[WhiteElo "2343"]
[BlackElo "2331"]
[PlyCount "72"]
[EventDate "2018.??.??"]

1. d4 e6 2. c4 Bb4+ 3. Bd2 Qe7 4. g3 Nc6 5. Nf3 Nf6 6. Qc2 Bxd2+ 7. Nbxd2 d6 8.
Bg2 e5 9. d5 Nb8 10. O-O a5 11. e4 O-O 12. Ne1 Na6 13. Nd3 c6 14. Qc3 cxd5 15.
cxd5 Bd7 16. Rfc1 Rfc8 17. Qa3 Bb5 18. Rc3 Bxd3 19. Rxc8+ Rxc8 20. Qxd3 Nb4 21.
Qb3 Rc5 22. Rf1 Nc2 23. Nc4 Qc7 24. Qxc2 Rxc4 25. Qe2 Qc5 26. Rd1 g6 27. h3 Rc2
28. Rd2 Rc1+ 29. Kh2 a4 30. a3 Kg7 31. Bf3 Nd7 32. Qd3 Nb6 33. Bd1 Nc4 34. Rc2
Rxc2 35. Qxc2 Qd4 36. Kg2 Nxb2 1/2-1/2

[Event "OLNW 1718 SV Hellern - SK Nordhorn Blan"]
[Site "?"]
[Date "2018.02.04"]
[Round "6.3"]
[White "Elgersma, Simon"]
[Black "Gronde, Ingo"]
[Result "1-0"]
[WhiteElo "2218"]
[BlackElo "2226"]
[PlyCount "123"]
[EventDate "2018.??.??"]

1. e4 e6 2. d4 d5 3. Nc3 Nf6 4. e5 Nfd7 5. f4 c5 6. Nf3 Nc6 7. Be3 Be7 8. Qd2
O-O 9. dxc5 Nxc5 10. O-O-O a6 11. Kb1 b5 12. Bxc5 Bxc5 13. Bd3 Nb4 14. Ne2 f6
15. exf6 Qxf6 16. h4 Bd6 17. g4 Nxd3 18. Qxd3 h6 19. g5 Qf5 20. gxh6 Qxd3 21.
Rxd3 gxh6 22. Ne5 Ra7 23. Ng6 Rf6 24. Rg1 Kh7 25. h5 Bd7 26. Rdg3 Be8 27. Nd4
Bc5 28. c3 Rg7 29. f5 exf5 30. Nf4 Rxg3 31. Rxg3 Bf7 32. Re3 Bd6 33. Nde2 Kg7
34. Kc2 Kf8 35. Kd3 Bc7 36. Rf3 Ke7 37. Ng3 Be5 38. Re3 Kd6 39. Nge2 a5 40. Rg3
Kc5 41. Re3 Kd6 42. Rf3 b4 43. Rf1 bxc3 44. bxc3 Kc5 45. Kc2 Kd6 46. Kd2 Be8
47. Rg1 Bb5 48. Ke3 Kc5 49. Nd4 Be8 50. Rg8 Bxf4+ 51. Kxf4 Bxh5 52. Ke5 Rg6 53.
Rc8+ Kb6 54. Kxd5 f4 55. c4 Rf6 56. c5+ Kb7 57. Rh8 f3 58. c6+ Rxc6 59. Nxc6
Bf7+ 60. Kd6 f2 61. Rb8+ Ka6 62. Kc5 1-0

[Event "OLNW 1718 SV Hellern - SK Nordhorn Blan"]
[Site "?"]
[Date "2018.02.04"]
[Round "6.5"]
[White "Oehne, Timo"]
[Black "Happe, Reinhold"]
[Result "0-1"]
[WhiteElo "2140"]
[BlackElo "2129"]
[PlyCount "78"]
[EventDate "2018.??.??"]

1. e4 e5 2. Nf3 Nc6 3. Nc3 Nf6 4. d4 exd4 5. Nxd4 Bb4 6. Nxc6 bxc6 7. Bd3 O-O
8. O-O d5 9. exd5 cxd5 10. h3 Rb8 11. Qf3 Re8 12. Bg5 c6 13. Rfd1 Bd6 14. Na4
Be5 15. Rab1 Qa5 16. b3 Be6 17. Bf4 Bxf4 18. Qxf4 c5 19. Bf5 Rb4 20. Qf3 Bxf5
21. Qxf5 Rbe4 22. Qf3 d4 23. Qd3 Nd5 24. Qc4 Nc3 25. Nxc5 R4e7 26. b4 Qc7 27.
g3 Nxb1 28. Rxb1 Re1+ 29. Rxe1 Rxe1+ 30. Kg2 Qe5 31. a4 h5 32. h4 Rd1 33. a5
Rd2 34. a6 Qf5 35. Qf1 Qxc2 36. Kf3 Qf5+ 37. Kg2 d3 38. Qe1 Re2 39. Qf1 Qd5+
0-1

[Event "OLNW 1718 SV Hellern - SK Nordhorn Blan"]
[Site "?"]
[Date "2018.02.04"]
[Round "6.7"]
[White "Hoellmann, Ludger"]
[Black "Bade, Hans-Juergen"]
[Result "0-1"]
[WhiteElo "2185"]
[BlackElo "1985"]
[PlyCount "136"]
[EventDate "2018.??.??"]

1. Nf3 Nf6 2. c4 e6 3. g3 b6 4. Bg2 Bb7 5. O-O Be7 6. Nc3 O-O 7. Re1 d5 8. cxd5
Nxd5 9. d4 Nxc3 10. bxc3 Nd7 11. Qd3 a5 12. Ng5 Bxg5 13. Bxb7 Ra7 14. Bc6 Be7
15. Bb2 a4 16. a3 Nb8 17. Bg2 Qd7 18. Red1 Rd8 19. c4 Bf6 20. Qc2 Qe7 21. e4 g6
22. e5 Bg7 23. f4 c6 24. Bc3 Bf8 25. Qb2 Qc7 26. Kh1 Na6 27. Bf3 Raa8 28. Qe2
Rac8 29. Bb2 Qa7 30. Rac1 Qa8 31. Rc2 Rc7 32. Rcd2 Rcd7 33. Qe3 Qb7 34. g4 b5
35. cxb5 Qxb5 36. f5 Nc7 37. Rc2 Nd5 38. Qc1 Qb3 39. Be2 Qe3 40. Rd3 Qe4+ 41.
Rf3 c5 42. Qd2 cxd4 43. fxe6 fxe6 44. Qd3 Qxd3 45. Bxd3 Ne3 46. Re2 Rf7 47.
Rxf7 Kxf7 48. h3 Nd1 49. Bc1 Rc8 50. Rc2 Rc3 51. Rxc3 dxc3 52. Kg2 Nb2 53. Bc2
Bxa3 54. Bxa4 Nxa4 55. Bxa3 Nb2 56. Kf3 Nc4 57. Bc1 Nxe5+ 58. Ke4 Nc6 59. Kd3
Nb4+ 60. Kc4 Nd5 61. Bg5 Ke8 62. Kd4 Kd7 63. Ke5 c2 64. Kd4 Kd6 65. Bd2 e5+ 66.
Kd3 Nf4+ 67. Kxc2 Nxh3 68. Kd3 Nf2+ 0-1

[Event "OLNW 1718 SV Hellern - SK Nordhorn Blan"]
[Site "?"]
[Date "2018.02.04"]
[Round "6.8"]
[White "Hart, Martin"]
[Black "Bierenbroodspot, Paul"]
[Result "0-1"]
[WhiteElo "2096"]
[BlackElo "2067"]
[PlyCount "54"]
[EventDate "2018.??.??"]

1. e4 d5 2. Nc3 d4 3. Nce2 e5 4. Nf3 f6 5. Ng3 Be6 6. Bb5+ c6 7. Ba4 Nd7 8. Bb3
Bxb3 9. axb3 d3 10. O-O Nc5 11. c4 a5 12. Nxe5 fxe5 13. Qh5+ Kd7 14. Qf5+ Kd6
15. b4 Nd7 16. f4 Nh6 17. fxe5+ Kc7 18. Qf4 Bxb4 19. Nf5 Nxf5 20. exf5 Nc5 21.
Kh1 Nb3 22. Rb1 Qd4 23. Qg3 Kb6 24. c5+ Bxc5 25. Qxg7 Rhg8 26. Qf7 a4 27. e6
Qe4 0-1

[Event "OLNW 1718 SK Nordhorn Blanke - SF Hanno"]
[Site "?"]
[Date "2018.02.25"]
[Round "7.1"]
[White "Ackermann, Dennie"]
[Black "Kroeze, Frank M"]
[Result "1/2-1/2"]
[WhiteElo "2158"]
[BlackElo "2386"]
[PlyCount "41"]
[EventDate "2018.??.??"]

1. b3 e5 2. Bb2 d6 3. e4 Nf6 4. Nc3 g6 5. d4 Nbd7 6. Nf3 Bg7 7. Qd2 O-O 8.
O-O-O exd4 9. Nxd4 Re8 10. f3 Nb6 11. Kb1 d5 12. Bb5 Bd7 13. exd5 Nbxd5 14.
Nxd5 Nxd5 15. Bxd7 Qxd7 16. Ne2 Bxb2 17. Kxb2 Rad8 18. Nf4 Nb6 19. Qxd7 Rxd7
20. Rxd7 Nxd7 21. Rd1 1/2-1/2

[Event "OLNW 1718 SK Nordhorn Blanke - SF Hanno"]
[Site "?"]
[Date "2018.02.25"]
[Round "7.4"]
[White "Plasman, Hans"]
[Black "Kaimer, Thomas"]
[Result "1-0"]
[WhiteElo "2185"]
[BlackElo "2175"]
[PlyCount "89"]
[EventDate "2018.??.??"]

1. d4 Nf6 2. Nf3 d5 3. c4 g6 4. cxd5 Bg7 5. g3 O-O 6. Bg2 Nxd5 7. e4 Nb6 8. Nc3
Bg4 9. Be3 Nc6 10. Ne2 Nc4 11. O-O Qd7 12. Rc1 Nxe3 13. fxe3 Bh6 14. Rc3 Rad8
15. Qb3 b6 16. Qa3 b5 17. d5 Nb8 18. Qxa7 Qd6 19. Nf4 Rd7 20. e5 Qb4 21. Rb3
Qc4 22. Nd2 Qc2 23. Qa5 Bg7 24. Be4 Qc5 25. h3 Be6 26. Rc3 Qb6 27. Qxb6 cxb6
28. Nf3 Bf5 29. Bxf5 gxf5 30. b4 Bh6 31. Nd4 Bxf4 32. gxf4 Rxd5 33. Nxf5 Rd2
34. Nxe7+ Kh8 35. Rf2 Rd1+ 36. Kh2 Re8 37. Rg2 Rd7 38. Nf5 Na6 39. a3 Nc7 40.
Rgc2 Ne6 41. Rc8 Nd8 42. Nd6 Rf8 43. R2c7 Rxc7 44. Rxc7 f6 45. Rd7 1-0

[Event "OLNW 1718 SK Nordhorn Blanke - SF Hanno"]
[Site "?"]
[Date "2018.02.25"]
[Round "7.5"]
[White "Edel, Thomas"]
[Black "Oehne, Timo"]
[Result "0-1"]
[WhiteElo "2099"]
[BlackElo "2140"]
[PlyCount "54"]
[EventDate "2018.??.??"]

1. d4 Nf6 2. Nf3 g6 3. c4 Bg7 4. Nc3 O-O 5. e4 c6 6. h3 d5 7. cxd5 cxd5 8. e5
Nfd7 9. Qb3 Nb6 10. a4 Nc6 11. Be2 Bf5 12. O-O a5 13. Bg5 h6 14. Be3 Nb4 15.
Rac1 Rc8 16. Rfd1 g5 17. Ne1 f6 18. exf6 Rxf6 19. Nb5 Rfc6 20. Rc5 Nd7 21. Rxc6
bxc6 22. Na3 Rb8 23. Qc3 Qb6 24. Ra1 Nf8 25. Nf3 Ne6 26. g4 Be4 27. Rd1 Na2 0-1

[Event "OLNW 1718 SK Nordhorn Blanke - SF Hanno"]
[Site "?"]
[Date "2018.02.25"]
[Round "7.6"]
[White "Hoellmann, Ludger"]
[Black "Herrmann, Andreas"]
[Result "1/2-1/2"]
[WhiteElo "2185"]
[BlackElo "2132"]
[PlyCount "117"]
[EventDate "2018.??.??"]

1. Nf3 Nf6 2. c4 e6 3. g3 b6 4. Bg2 Bb7 5. O-O c5 6. d4 cxd4 7. Qxd4 Nc6 8. Qf4
Qb8 9. Nc3 d6 10. Rd1 Be7 11. b3 O-O 12. Bb2 a6 13. Ng5 Ne5 14. Bxb7 Qxb7 15.
Nce4 Nxe4 16. Nxe4 Ng6 17. Qf3 Qc7 18. Qc3 e5 19. Qd2 Rad8 20. Nc3 Qd7 21. Qd5
Kh8 22. a4 f5 23. a5 Qc7 24. Qd2 bxa5 25. Nd5 Qb7 26. Ra3 f4 27. Qxa5 f3 28.
exf3 Rxf3 29. b4 Rxa3 30. Bxa3 Rf8 31. b5 axb5 32. Nxe7 Nxe7 33. Bxd6 bxc4 34.
Qa3 Rd8 35. Rc1 Nf5 36. Bxe5 Qd5 37. Bc3 h5 38. Qa6 Rd6 39. Qc8+ Kh7 40. Qe8
Nh4 41. gxh4 Rg6+ 42. Qxg6+ Kxg6 43. Re1 Kf7 44. Re3 g6 45. h3 g5 46. hxg5
Qxg5+ 47. Kf1 Qd5 48. Kg1 h4 49. Re5 Qd3 50. Re3 Qg6+ 51. Kf1 Qc6 52. Kg1 Kg6
53. Re5 Qd6 54. Kg2 Qd3 55. Re3 Qd5+ 56. Kg1 Kf5 57. Kh2 Qd1 58. Kg2 Qc2 59.
Bh8 1/2-1/2

[Event "OLNW 1718 SK Nordhorn Blanke - SF Hanno"]
[Site "?"]
[Date "2018.02.25"]
[Round "7.7"]
[White "Witthaus, Joerg"]
[Black "Bierenbroodspot, Paul"]
[Result "1/2-1/2"]
[WhiteElo "2009"]
[BlackElo "2067"]
[PlyCount "29"]
[EventDate "2018.??.??"]

1. d4 d5 2. Nf3 Nf6 3. c4 e6 4. Nc3 Bb4 5. e3 c5 6. dxc5 O-O 7. Be2 Ne4 8. Qc2
Nxc3 9. bxc3 Bxc5 10. O-O dxc4 11. Bxc4 Nc6 12. Rd1 Qf6 13. Bb2 e5 14. Bd5 Re8
15. Qa4 1/2-1/2

[Event "OLNW 1718 SK Nordhorn Blanke - SF Hanno"]
[Site "?"]
[Date "2018.02.25"]
[Round "7.8"]
[White "Bos, Robin"]
[Black "Streich, Gerhard"]
[Result "1-0"]
[WhiteElo "1961"]
[BlackElo "2095"]
[PlyCount "107"]
[EventDate "2018.??.??"]

1. e4 c5 2. Nf3 Nc6 3. d4 cxd4 4. Nxd4 Nf6 5. Nc3 e5 6. Ndb5 d6 7. Bg5 a6 8.
Na3 b5 9. Nd5 Be7 10. Bxf6 Bxf6 11. c3 O-O 12. Nc2 Rb8 13. Be2 Bg5 14. O-O f5
15. exf5 Bxf5 16. Bg4 Qd7 17. Bxf5 Rxf5 18. Nce3 Rf7 19. Qd3 a5 20. Rad1 Qe6
21. Qe4 Ne7 22. Nxe7+ Bxe7 23. Rd5 Bf8 24. b3 a4 25. Qd3 axb3 26. axb3 Rc7 27.
Ra1 Rc5 28. Ra5 Qc8 29. Rxc5 Qxc5 30. b4 Qc7 31. Rxb5 Rxb5 32. Qxb5 Qxc3 33.
Qd5+ Kh8 34. Qf7 Qc1+ 35. Nf1 Qf4 36. Qxf4 exf4 37. b5 d5 38. b6 Bd6 39. Nd2
Kg8 40. Nb3 Kf7 41. b7 Ke7 42. Nc5 d4 43. Na6 Ke6 44. b8=Q Bxb8 45. Nxb8 Kd5
46. Kf1 Kc4 47. Ke1 Kd3 48. Nc6 g5 49. Ne5+ Ke4 50. Nf7 g4 51. Nh6 g3 52. hxg3
fxg3 53. f3+ Kd3 54. Nf5 1-0

[Event "OLNW 1718 SV Lingen - SV Hellern"]
[Site "?"]
[Date "2018.02.25"]
[Round "7.1"]
[White "Lingnau, Carsten"]
[Black "Perunovic, Milos"]
[Result "0-1"]
[WhiteElo "2424"]
[BlackElo "2599"]
[PlyCount "88"]
[EventDate "2018.??.??"]

1. d4 Nf6 2. c4 e6 3. Nf3 c5 4. Nc3 cxd4 5. Nxd4 Nc6 6. Bf4 d6 7. Ndb5 e5 8.
Bg5 a6 9. Na3 Be7 10. e3 Be6 11. Be2 h6 12. Bxf6 Bxf6 13. O-O O-O 14. Qd2 Rc8
15. Nd5 e4 16. Rab1 Be5 17. Nc2 Ne7 18. Nxe7+ Qxe7 19. b3 d5 20. cxd5 Rfd8 21.
Nd4 Rxd5 22. Bc4 Rd6 23. Bxe6 Qxe6 24. Rbc1 Re8 25. Nxe6 Rxd2 26. Nc5 Re7 27.
a4 f5 28. Rfd1 Rb2 29. g3 g6 30. Rc4 a5 31. Rd5 Bg7 32. Rd6 g5 33. Rb6 f4 34.
gxf4 gxf4 35. Rxe4 f3 36. h4 Be5 37. Rxe5 Rg7+ 38. Rg5 hxg5 39. h5 g4 40. Ne4
g3 41. Nxg3 Rg4 42. Rg6+ Rxg6 43. hxg6 Rxb3 44. Nf5 b5 0-1

[Event "OLNW 1718 SV Lingen - SV Hellern"]
[Site "?"]
[Date "2018.02.25"]
[Round "7.2"]
[White "Epishin, Vladimir"]
[Black "Stock, Joerg"]
[Result "1-0"]
[WhiteElo "2539"]
[BlackElo "2187"]
[PlyCount "101"]
[EventDate "2018.??.??"]

1. d4 Nf6 2. g3 d5 3. Bg2 e6 4. Nf3 Be7 5. Nbd2 O-O 6. O-O b6 7. c4 Bb7 8. cxd5
exd5 9. Nh4 Re8 10. Nf5 Bf8 11. Nf3 Nbd7 12. Bf4 Ne4 13. Nd2 Ndf6 14. Rc1 Nd6
15. Bxd6 Bxd6 16. Nxd6 Qxd6 17. e3 c5 18. Qa4 Qe7 19. dxc5 bxc5 20. Qb5 Rab8
21. Qxc5 Ba6 22. Rfd1 Rxb2 23. Qa5 Qb7 24. Nb3 Qb6 25. Qxb6 axb6 26. Rd2 Rxd2
27. Nxd2 Rc8 28. Rb1 Rb8 29. a4 Bd3 30. Rb4 Kf8 31. Bf1 Bxf1 32. Kxf1 Nd7 33.
Rd4 Ra8 34. Nb1 Ra5 35. Nc3 Nf6 36. Ke2 Ke7 37. g4 h6 38. h4 g6 39. g5 hxg5 40.
hxg5 Nd7 41. Nxd5+ Ke6 42. e4 Rc5 43. Rb4 Rc6 44. Ke3 Kd6 45. f4 Ke6 46. Kd4
Kd6 47. Rb5 Rc5 48. Nxb6 Rxb5 49. Nc4+ Kc6 50. axb5+ Kxb5 51. Ne5 1-0

[Event "OLNW 1718 SV Lingen - SV Hellern"]
[Site "?"]
[Date "2018.02.25"]
[Round "7.3"]
[White "Bade, Hans-Jürgen"]
[Black "Milenkovic, Mladen"]
[Result "0-1"]
[WhiteElo "1996"]
[BlackElo "2330"]
[PlyCount "120"]
[EventDate "2018.??.??"]

1. e4 c5 2. Nc3 Nc6 3. f4 g6 4. Nf3 Bg7 5. Bb5 Nd4 6. Bd3 d6 7. Nxd4 cxd4 8.
Ne2 e6 9. O-O Ne7 10. Qe1 O-O 11. Qf2 Qb6 12. c3 Nc6 13. Kh1 Bd7 14. b3 dxc3
15. Qxb6 axb6 16. Nxc3 Nb4 17. Bb1 d5 18. e5 f6 19. exf6 Bxf6 20. a4 Rf7 21.
Ba3 Be7 22. d4 Rc8 23. Bxb4 Bxb4 24. Ne2 b5 25. Bd3 bxa4 26. bxa4 b6 27. Rfb1
Ba5 28. Ra2 Be8 29. Ba6 Ra8 30. Bd3 Rc7 31. g4 Bd7 32. Rg1 Kf7 33. f5 gxf5 34.
gxf5 exf5 35. Ng3 Bc3 36. Bxf5 Bxd4 37. Rf1 Ke7 38. Bxh7 Kd6 39. Nf5+ Bxf5 40.
Bxf5 Rc4 41. Bc2 Rac8 42. Bf5 Ra8 43. Bc2 Rc3 44. Rd1 Kc5 45. Bd3 Be3 46. Kg2
d4 47. h4 Kb4 48. Rb2+ Rb3 49. Rxb3+ Kxb3 50. Bb5 Kc2 51. Rd3 Rd8 52. Kf3 Rf8+
53. Kg4 Rf4+ 54. Kg3 Rf5 55. Ra3 Kb2 56. Rd3 Rc5 57. Kf3 Kc2 58. Ra3 Bc1 59.
Ra2+ Bb2 60. Be8 Kb1 0-1